Fr. Conceicao Rodrigues College of Engineering

BASIC SCIENCE CHEMISTRY (Record no. 35966)

MARC details
000 -LEADER
fixed length control field 00355nam a2200145 4500
003 - CONTROL NUMBER IDENTIFIER
control field OSt
005 - DATE AND TIME OF LATEST TRANSACTION
control field 20230916122110.0
008 - FIXED-LENGTH DATA ELEMENTS--GENERAL INFORMATION
fixed length control field 230916b |||||||| |||| 00| 0 eng d
022 ## - INTERNATIONAL STANDARD SERIAL NUMBER
Source 9789355854506
040 ## - CATALOGING SOURCE
Transcribing agency COMPLIMENTARY
082 ## - DEWEY DECIMAL CLASSIFICATION NUMBER
Edition number I
Classification number 540
Item number 540/KHA
245 ## - TITLE STATEMENT
Title BASIC SCIENCE CHEMISTRY
260 ## - PUBLICATION, DISTRIBUTION, ETC.
Place of publication, distribution, etc. PUNE
Name of publisher, distributor, etc. TECHNICAL PUBL
Date of publication, distribution, etc. 2023
942 ## - ADDED ENTRY ELEMENTS (KOHA)
Source of classification or shelving scheme Dewey Decimal Classification
Suppress in OPAC No
Koha item type BOOK
Holdings
Withdrawn status Lost status Source of classification or shelving scheme Damaged status Not for loan Home library Current library Date acquired Source of acquisition Total Checkouts Barcode Date last seen Date last checked out Price effective from Koha item type
    Dewey Decimal Classification     AGNEL TECHNICAL COLLEGE LIBRARY AGNEL TECHNICAL COLLEGE LIBRARY 16/09/2023 COMPLIMENTARY 1 AFT8322 05/02/2024 29/01/2024 16/09/2023 BOOK